000 00303nam a22001337a 4500
008 171004b xxu||||| |||| 00| 0 eng d
020 _a9780071422925
041 _aeng
080 _22ND
_a159.9
100 _a48
101 _aPSI
245 _aCURRENT DIAGNOSIS& TRATMENT
_cEBERT,M.H
942 _2udc
_cBK
999 _c31648
_d31648